1200 câu giao tiếp Hoa- Việt Gồm 2 CD (Có kèm sách )
Na minha lista:
| Autor principal: | |
|---|---|
| Formato: | Livro |
| Idioma: | Undetermined |
| Publicado em: |
University Press
|
| Assuntos: | |
| Tags: |
Adicionar Tag
Sem tags, seja o primeiro a adicionar uma tag!
|
| Thư viện lưu trữ: | Trung tâm Học liệu Trường Đại học Cần Thơ |
|---|
| LEADER | 00557nam a2200193Ia 4500 | ||
|---|---|---|---|
| 001 | CTU_102053 | ||
| 008 | 210402s9999 xx 000 0 und d | ||
| 020 | |c 13500 | ||
| 082 | |a 495.1 | ||
| 082 | |b B312/CD2 | ||
| 100 | |a Quan, Bình | ||
| 245 | 0 | |a 1200 câu giao tiếp Hoa- Việt | |
| 245 | 0 | |b Gồm 2 CD (Có kèm sách ) | |
| 245 | 0 | |c Quan Binh, Ngọc Lân | |
| 260 | |a University Press | ||
| 650 | |a Chinese language,Vietnamese language | ||
| 904 | |i M.Loan | ||
| 915 | |a 400 | ||
| 980 | |a Trung tâm Học liệu Trường Đại học Cần Thơ | ||